French Baseball Quiz Stats

 Plays Quiz not verified by Sporcle

Score 0/30 Timer 06:00
1 Play Today
en français English % Correct
Bâton (Batte)Bat
90.4%
Double-JeuDouble Play
68.4%
Séries MondialesWorld Series
67.6%
ReceveurCatcher
66.4%
ArbitreUmpire
66.1%
FrappeurHitter
65.7%
Champ IntérieurInfield
64%
Frappeur DésignéDesignated Hitter
64%
Champ ExtérieurOutfield
63.9%
But Sur BallesWalk
62.3%
LanceurPitcher
61.2%
ButBase
60.3%
PointRun
60.3%
CircuitHome Run
57%
SaufSafe
50.7%
en français English % Correct
Zone de PrisesStrike Zone
50.5%
Fausse BalleFoul Ball
50.4%
Retrait Sur 3 PrisesStrikeout
46.8%
But VoléStolen Base
46.1%
AttrapéCatch
45.7%
PriseStrike
45.6%
Arrêt-CourtShortstop
45%
RetraitOut
43.7%
Point ProduitRun Batted In
42.1%
GantGlove
41.2%
SimpleSingle
40%
Coup SûrHit
21.7%
MancheInning
17.6%
AmortiBunt
16.1%
BallonFly Ball
15.1%

You're not logged in!

Compare scores with friends on all Sporcle quizzes.
OR
Log In

Sporcle TV

Today on Sporcle TV


Watch our educational content, quiz creation guides, and fun videos on Sporcle TV.

Show Comments

Extras

Top Quizzes Today


Score Distribution

Your Account Isn't Verified!

In order to create a playlist on Sporcle, you need to verify the email address you used during registration. Go to your Sporcle Settings to finish the process.

Report this User

Report this user for behavior that violates our Community Guidelines.

Details: